[Event "European Team-ch 2007 Femenino"]
[Site "Creta GRE"]
[Date "2007.10.30"]
[Round "3.7"]
[White "Paehtz, Elisabeth"]
[Black "Danielian, Elina"]
[Result "0-1"]
[WhiteElo "2452"]
[BlackElo "2458"]
[PlyCount "72"]
[EventDate "2007.10.28"]
[EventType "team"]
[EventRounds "9"]
[EventCountry "GRE"]
[Source "lmi"]
[SourceDate "2007.10.28"]
[WhiteTeam "Germany"]
[BlackTeam "Armenia"]
[WhiteTeamCountry "GER"]
[BlackTeamCountry "ARM"]

1. c4 c5 2. Nc3 Nc6 3. g3 g6 4. Bg2 Bg7 5. e3 e5 6. Nge2 Nge7 7. O-O d6 8. a3
h5 9. b4 h4 10. b5 Na5 11. d3 hxg3 12. fxg3 Bg4 13. Bd2 Nf5 14. Bf3 Qg5 15.
Bxg4 Qxg4 16. Rf2 O-O-O 17. e4 Ne7 18. Nc1 Qh3 19. Na4 Bh6 20. Ra2 f5 21. Bxa5
Be3 22. Kh1 Bxf2 23. Rxf2 Rdf8 24. Qf3 g5 25. Bd2 f4 26. g4 Ng6 27. Be1 Rh4 28.
Ne2 Rfh8 29. Qxh3 Rxh3 30. Nb2 Re3 31. Bd2 Reh3 32. Ng1 Rg3 33. Rg2 Nh4 34.
Rxg3 fxg3 35. h3 Rf8 36. Ne2 Rf1+ 0-1

[Event "European Team-ch 2007 Femenino"]
[Site "Creta GRE"]
[Date "2007.10.30"]
[Round "3.7"]
[White "Mkrtchian, Lilit"]
[Black "Kachiani-G, Ketino"]
[Result "1-0"]
[WhiteElo "2402"]
[BlackElo "2404"]
[PlyCount "67"]
[EventDate "2007.10.28"]
[EventType "team"]
[EventRounds "9"]
[EventCountry "GRE"]
[Source "lmi"]
[SourceDate "2007.10.28"]
[WhiteTeam "Armenia"]
[BlackTeam "Germany"]
[WhiteTeamCountry "ARM"]
[BlackTeamCountry "GER"]

1. e4 c6 2. d4 d5 3. e5 Bf5 4. Nd2 e6 5. Nb3 Nd7 6. Nf3 Bg6 7. Be2 a6 8. c3 Be7
9. O-O h5 10. a4 Nh6 11. a5 h4 12. h3 Nf5 13. c4 Bh5 14. Bf4 Bxf3 15. Bxf3 dxc4
16. Nd2 Nxd4 17. Nxc4 Nb5 18. Qe2 Nd4 19. Qd1 Nb5 20. Qc1 Nc7 21. Qe3 Nd5 22.
Bxd5 cxd5 23. Nd6+ Bxd6 24. exd6 Qf6 25. Rfe1 O-O 26. Bg5 Qf5 27. Bxh4 Rfc8 28.
Rac1 Rc6 29. Rxc6 bxc6 30. Rc1 c5 31. Rxc5 Nxc5 32. Qxc5 f6 33. d7 Qb1+ 34. Kh2
1-0

[Event "European Team-ch 2007 Femenino"]
[Site "Creta GRE"]
[Date "2007.10.30"]
[Round "3.7"]
[White "Aghabekian, Liana"]
[Black "Ohme, Melanie"]
[Result "0-1"]
[WhiteElo "2190"]
[BlackElo "2274"]
[PlyCount "94"]
[EventDate "2007.10.28"]
[EventType "team"]
[EventRounds "9"]
[EventCountry "GRE"]
[Source "lmi"]
[SourceDate "2007.10.28"]
[WhiteTeam "Armenia"]
[BlackTeam "Germany"]
[WhiteTeamCountry "ARM"]
[BlackTeamCountry "GER"]

1. e4 c5 2. Nf3 e6 3. d4 cxd4 4. Nxd4 a6 5. Bd3 Bc5 6. Nb3 Ba7 7. Qg4 Nf6 8.
Qg3 d6 9. Nc3 Nc6 10. Bg5 Ne5 11. O-O-O h6 12. Be3 Bxe3+ 13. Qxe3 b5 14. f4
Nxd3+ 15. Rxd3 b4 16. Na4 Bb7 17. Nb6 Rb8 18. e5 Nd5 19. Nxd5 Bxd5 20. exd6
Qxd6 21. f5 Rc8 22. Re1 Rc4 23. Nd4 O-O 24. f6 Qxh2 25. fxg7 Rfc8 26. Kb1 Qh4
27. Rf1 Qg5 28. Qf2 R8c7 29. Rg3 Qe5 30. Rd3 Qe4 31. Qf6 Qg6 32. Qh4 Rxc2 33.
Nf5 exf5 34. Qd8+ Kxg7 35. Qxd5 Qg5 36. Qe5+ f6 37. Qe3 Qxe3 38. Rxe3 Rxg2 39.
Ref3 Rcc2 40. Rg3+ Rxg3 41. Kxc2 Kg6 42. Rd1 h5 43. Rd6 a5 44. Ra6 h4 45. Rxa5
h3 46. Ra8 Kh7 47. Ra7+ Rg7 0-1

[Event "European Team-ch 2007 Femenino"]
[Site "Creta GRE"]
[Date "2007.10.30"]
[Round "3.8"]
[White "Mamedjarova, Zeinab"]
[Black "Dembo, Yelena"]
[Result "0-1"]
[WhiteElo "2326"]
[BlackElo "2448"]
[PlyCount "70"]
[EventDate "2007.10.28"]
[EventType "team"]
[EventRounds "9"]
[EventCountry "GRE"]
[Source "lmi"]
[SourceDate "2007.10.28"]
[WhiteTeam "Azerbaijan"]
[BlackTeam "Greece"]
[WhiteTeamCountry "AZE"]
[BlackTeamCountry "GRE"]

1. d4 Nf6 2. c4 g6 3. Nf3 Bg7 4. g3 O-O 5. Bg2 d6 6. O-O Nc6 7. d5 Na5 8. Qa4
b6 9. Nd4 Bd7 10. Qc2 Nxd5 11. Bxd5 c6 12. Nxc6 Nxc6 13. a3 Rc8 14. Bg5 Bf5 15.
Qa4 Na5 16. Ra2 h6 17. Bd2 Bd7 18. Qc2 e6 19. Bxa5 exd5 20. Bb4 a5 21. Bc3 d4
22. Bd2 d5 23. Qc1 Kh7 24. b3 a4 25. Bb4 Re8 26. bxa4 dxc4 27. Qf4 c3 28. Rc1
Bc6 29. f3 Qd5 30. Rac2 Bxa4 31. e4 Qe6 32. Rf2 g5 33. Qd6 Qxd6 34. Bxd6 d3 35.
e5 d2 0-1

[Event "European Team-ch 2007 Femenino"]
[Site "Creta GRE"]
[Date "2007.10.30"]
[Round "3.8"]
[White "Makropoulou, Marina"]
[Black "Kadimova, Ilaha"]
[Result "1/2-1/2"]
[WhiteElo "2243"]
[BlackElo "2311"]
[PlyCount "51"]
[EventDate "2007.10.28"]
[EventType "team"]
[EventRounds "9"]
[EventCountry "GRE"]
[Source "lmi"]
[SourceDate "2007.10.28"]
[WhiteTeam "Greece"]
[BlackTeam "Azerbaijan"]
[WhiteTeamCountry "GRE"]
[BlackTeamCountry "AZE"]

1. e4 c6 2. d4 d5 3. Nc3 dxe4 4. Nxe4 Bf5 5. Ng3 Bg6 6. Bc4 e6 7. N1e2 Bd6 8.
Nf4 Bxf4 9. Bxf4 Nf6 10. O-O O-O 11. c3 Nbd7 12. a4 a5 13. Re1 Re8 14. h3 h6
15. Nf1 Nb6 16. Ba2 Nbd5 17. Be5 b5 18. Ne3 Qb6 19. Nxd5 Nxd5 20. axb5 cxb5 21.
Qf3 Qd8 22. Qg4 Qg5 23. Qf3 Qd8 24. Qg4 Qg5 25. Qf3 Qd8 26. Qg4 1/2-1/2

[Event "European Team-ch 2007 Femenino"]
[Site "Creta GRE"]
[Date "2007.10.30"]
[Round "3.8"]
[White "Mamedjarova, Turkan"]
[Black "Fakhiridou, Ekaterini"]
[Result "1/2-1/2"]
[WhiteElo "2250"]
[BlackElo "2270"]
[PlyCount "73"]
[EventDate "2007.10.28"]
[EventType "team"]
[EventRounds "9"]
[EventCountry "GRE"]
[Source "lmi"]
[SourceDate "2007.10.28"]
[WhiteTeam "Azerbaijan"]
[BlackTeam "Greece"]
[WhiteTeamCountry "AZE"]
[BlackTeamCountry "GRE"]

1. e4 e5 2. Nf3 Nc6 3. Nc3 Nf6 4. d4 exd4 5. Nxd4 Bb4 6. Nxc6 bxc6 7. Bd3 d5 8.
exd5 cxd5 9. O-O O-O 10. Bg5 c6 11. Qf3 Be7 12. h3 h6 13. Bf4 Bd6 14. Ne2 Rb8
15. Nd4 Rb6 16. b3 c5 17. Ne2 Bb7 18. Bxd6 Qxd6 19. Qg3 Rc8 20. c4 d4 21. Rfe1
a5 22. Qxd6 Rxd6 23. Ng3 g6 24. Re7 Rd7 25. Re5 Kf8 26. h4 h5 27. f3 Rcc7 28.
Rae1 Re7 29. a3 Rxe5 30. Rxe5 Nd7 31. Re1 Bc6 32. Kf2 Rb7 33. Rb1 Ne5 34. Be4
f5 35. Bxc6 Nxc6 36. Nf1 Ke7 37. f4 1/2-1/2

[Event "European Team-ch 2007 Femenino"]
[Site "Creta GRE"]
[Date "2007.10.30"]
[Round "3.8"]
[White "Papadopoulou, Vera"]
[Black "Umudova, Nargiz"]
[Result "1-0"]
[WhiteElo "2218"]
[BlackElo "2188"]
[PlyCount "55"]
[EventDate "2007.10.28"]
[EventType "team"]
[EventRounds "9"]
[EventCountry "GRE"]
[Source "lmi"]
[SourceDate "2007.10.28"]
[WhiteTeam "Greece"]
[BlackTeam "Azerbaijan"]
[WhiteTeamCountry "GRE"]
[BlackTeamCountry "AZE"]

1. d4 Nf6 2. c4 g6 3. Nc3 Bg7 4. e4 d6 5. Be2 O-O 6. Bg5 c5 7. d5 e6 8. Qd2 Qa5
9. Nf3 exd5 10. exd5 Bg4 11. O-O Nbd7 12. h3 Bxf3 13. Bxf3 a6 14. a4 Rfe8 15.
Qf4 Qb4 16. Rfc1 Re5 17. Qg3 Rf5 18. Bxf6 Nxf6 19. Qxd6 Qxc4 20. Ne2 Qh4 21.
Ng3 Rf4 22. Qxc5 Nd7 23. Qc7 Bd4 24. Rd1 Ne5 25. Ra3 Qxg3 26. Rxd4 Nxf3+ 27.
Rxf3 Rxf3 28. fxg3 1-0

[Event "European Team-ch 2007 Femenino"]
[Site "Creta GRE"]
[Date "2007.10.30"]
[Round "3.9"]
[White "Vega Gutierrez, Sabrina"]
[Black "Atalik, Ekaterina"]
[Result "1/2-1/2"]
[WhiteElo "2331"]
[BlackElo "2404"]
[PlyCount "51"]
[EventDate "2007.10.28"]
[EventType "team"]
[EventRounds "9"]
[EventCountry "GRE"]
[Source "lmi"]
[SourceDate "2007.10.28"]
[WhiteTeam "Espana"]
[BlackTeam "Turkey"]
[WhiteTeamCountry "ESP"]
[BlackTeamCountry "TUR"]

1. e4 e5 2. Nf3 Nc6 3. Bb5 a6 4. Bxc6 dxc6 5. O-O f6 6. d4 exd4 7. Nxd4 c5 8.
Ne2 Qxd1 9. Rxd1 Bd7 10. Nbc3 O-O-O 11. Be3 Bd6 12. Bf4 Bxf4 13. Nxf4 Ne7 14.
Nh5 Rdg8 15. Nd5 Nxd5 16. Rxd5 b6 17. f3 Be6 18. Rd2 Bf7 19. Ng3 Rd8 20. Rxd8+
Rxd8 21. a3 Rd2 22. Rc1 g6 23. Nf1 Re2 24. Ng3 Rd2 25. Nf1 Re2 26. Ng3 1/2-1/2

[Event "European Team-ch 2007 Femenino"]
[Site "Creta GRE"]
[Date "2007.10.30"]
[Round "3.9"]
[White "Topel, Zehra"]
[Black "Llaneza Vega, Patricia"]
[Result "0-1"]
[WhiteElo "2246"]
[BlackElo "2272"]
[PlyCount "86"]
[EventDate "2007.10.28"]
[EventType "team"]
[EventRounds "9"]
[EventCountry "GRE"]
[Source "lmi"]
[SourceDate "2007.10.28"]
[WhiteTeam "Turkey"]
[BlackTeam "Espana"]
[WhiteTeamCountry "TUR"]
[BlackTeamCountry "ESP"]

1. d4 Nf6 2. c4 g6 3. Nc3 Bg7 4. e4 d6 5. f3 O-O 6. Be3 c5 7. Nge2 Nc6 8. d5
Ne5 9. Ng3 e6 10. Be2 exd5 11. cxd5 h5 12. O-O Nh7 13. Qd2 h4 14. Nh1 g5 15. g4
hxg3 16. Nxg3 Ng6 17. Nh5 Be5 18. Kh1 Kh8 19. Bd3 Rg8 20. Ne2 Bd7 21. Rf2 Qe7
22. Neg3 Nh4 23. Nf5 Nxf5 24. exf5 Rae8 25. f6 Bxf6 26. Nxf6 Qxf6 27. Be4 Qe5
28. Bxh7 Kxh7 29. Re1 Qf5 30. Qd1 Re5 31. Qb3 Rge8 32. Kg1 b5 33. f4 gxf4 34.
Rxf4 Rg8+ 35. Kf2 Qh3 36. Ke2 Qh5+ 37. Kd2 Rxd5+ 38. Kc1 Rf5 39. Qd3 Rg6 40.
Ref1 Rxf4 41. Rxf4 Kg8 42. Qe4 Qe2 43. h4 Rg2 0-1

[Event "European Team-ch 2007 Femenino"]
[Site "Creta GRE"]
[Date "2007.10.30"]
[Round "3.10"]
[White "Petraki, Maria"]
[Black "Javakhishvili, Lela"]
[Result "0-1"]
[WhiteElo "2099"]
[BlackElo "2474"]
[PlyCount "68"]
[EventDate "2007.10.28"]
[EventType "team"]
[EventRounds "9"]
[EventCountry "GRE"]
[Source "lmi"]
[SourceDate "2007.10.28"]
[WhiteTeam "GRE2"]
[BlackTeam "Georgia"]
[BlackTeamCountry "GEO"]

1. e4 c5 2. Nc3 e6 3. f4 a6 4. g3 b5 5. Bg2 Bb7 6. d3 d5 7. e5 h5 8. Nf3 Nh6 9.
O-O Nf5 10. Ne2 d4 11. c3 Nc6 12. a4 dxc3 13. bxc3 b4 14. d4 bxc3 15. d5 Qxd5
16. Qxd5 exd5 17. Ng5 Nb4 18. Nxc3 c4 19. Rb1 Bc5+ 20. Kh1 a5 21. e6 f6 22. Nf7
O-O 23. Rd1 Ra6 24. Re1 Re8 25. Ba3 Ne3 26. Bxb4 axb4 27. Rxe3 Bxe3 28. Rxb4
Ba8 29. Nxd5 Raxe6 30. Nxe3 Rxe3 31. Bxa8 Rxa8 32. Nd6 c3 33. Rc4 Rd8 34. Nb5
Rd2 0-1

[Event "European Team-ch 2007 Femenino"]
[Site "Creta GRE"]
[Date "2007.10.30"]
[Round "3.10"]
[White "Khurtsidze, Nino"]
[Black "Pavlidou, Ekaterini"]
[Result "1-0"]
[WhiteElo "2450"]
[BlackElo "2003"]
[PlyCount "61"]
[EventDate "2007.10.28"]
[EventType "team"]
[EventRounds "9"]
[EventCountry "GRE"]
[Source "lmi"]
[SourceDate "2007.10.28"]
[WhiteTeam "Georgia"]
[BlackTeam "GRE2"]
[WhiteTeamCountry "GEO"]

1. d4 Nf6 2. c4 e6 3. Nf3 b6 4. e3 Bb7 5. Bd3 Be7 6. O-O O-O 7. Nc3 d5 8. cxd5
exd5 9. Qc2 c5 10. dxc5 Bxc5 11. a3 Nc6 12. b4 Bd6 13. Nb5 Rc8 14. Qe2 Bb8 15.
Bf5 Ba6 16. Bxc8 Qxc8 17. Bb2 Ne4 18. Rfc1 Qd7 19. a4 Bd6 20. Qd1 Bxb4 21. Rxc6
Qxc6 22. Qd4 f6 23. Qxb4 Qc2 24. Rf1 Nc5 25. Ba3 Rd8 26. Rc1 Qa2 27. Nc3 Qc4
28. Qxc4 Bxc4 29. Bxc5 bxc5 30. Nb5 a6 31. Na3 1-0

[Event "European Team-ch 2007 Femenino"]
[Site "Creta GRE"]
[Date "2007.10.30"]
[Round "3.11"]
[White "Kulovana, Eva"]
[Black "Agrest, Svetlana"]
[Result "0-1"]
[WhiteElo "2305"]
[BlackElo "2255"]
[PlyCount "102"]
[EventDate "2007.10.28"]
[EventType "team"]
[EventRounds "9"]
[EventCountry "GRE"]
[Source "lmi"]
[SourceDate "2007.10.28"]
[WhiteTeam "Czech Republic"]
[BlackTeam "Sweden"]
[WhiteTeamCountry "CZE"]
[BlackTeamCountry "SWE"]

1. e4 c5 2. Nf3 Nc6 3. d4 cxd4 4. Nxd4 e5 5. Nb5 a6 6. Nd6+ Bxd6 7. Qxd6 Qf6 8.
Qd2 Qg6 9. Nc3 Nge7 10. f3 O-O 11. b3 d5 12. Nxd5 Nxd5 13. exd5 Nd4 14. Bd3 Bf5
15. Bxf5 Qxf5 16. Kd1 Rfc8 17. c3 Nxf3 18. Rf1 Nxd2 19. Rxf5 Ne4 20. c4 f6 21.
Ba3 b5 22. Rc1 a5 23. Rc2 a4 24. Bb4 axb3 25. axb3 bxc4 26. bxc4 Ra4 27. Be1
Raxc4 28. Rxc4 Rxc4 29. Rf3 Rd4+ 30. Ke2 Rxd5 31. Ra3 Rd7 32. Ra4 Nc5 33. Rc4
Ne6 34. Bd2 Kf7 35. Be3 Rc7 36. Ra4 f5 37. Rb4 f4 38. Bd2 h5 39. Ra4 Kf6 40.
Rb4 Kf5 41. Ra4 g5 42. h3 g4 43. hxg4+ hxg4 44. Rb4 g3 45. Ra4 Nf8 46. Ra2 Ng6
47. Be1 Nh4 48. Kf1 Rc1 49. Ra3 f3 50. gxf3 g2+ 51. Kf2 Rxe1 0-1

[Event "European Team-ch 2007 Femenino"]
[Site "Creta GRE"]
[Date "2007.10.30"]
[Round "3.11"]
[White "Blazkova, Petra"]
[Black "Jiretorn, Eva"]
[Result "1/2-1/2"]
[WhiteElo "2239"]
[BlackElo "2121"]
[PlyCount "63"]
[EventDate "2007.10.28"]
[EventType "team"]
[EventRounds "9"]
[EventCountry "GRE"]
[Source "lmi"]
[SourceDate "2007.10.28"]
[WhiteTeam "Czech Republic"]
[BlackTeam "Sweden"]
[WhiteTeamCountry "CZE"]
[BlackTeamCountry "SWE"]

1. e4 c5 2. Nc3 Nc6 3. Bb5 g6 4. Bxc6 dxc6 5. d3 e5 6. Be3 Qe7 7. Qd2 Bg7 8. a4
Nf6 9. h3 b6 10. Nge2 h6 11. f3 Be6 12. f4 exf4 13. Nxf4 g5 14. Nxe6 Qxe6 15.
O-O O-O 16. Qe2 c4 17. Rf5 cxd3 18. cxd3 Ne8 19. h4 Nd6 20. hxg5 Nxf5 21. exf5
Qxf5 22. gxh6 Be5 23. Rf1 Qg6 24. Ne4 f5 25. d4 Bc7 26. Qc4+ Kh8 27. Ng5 Rae8
28. Bd2 f4 29. Nf3 Rg8 30. Rf2 Qb1+ 31. Rf1 Qg6 32. Rf2 1/2-1/2

[Event "European Team-ch 2007 Femenino"]
[Site "Creta GRE"]
[Date "2007.10.30"]
[Round "3.11"]
[White "Horn, Emilia"]
[Black "Cedikova, Katerina"]
[Result "0-1"]
[WhiteElo "2074"]
[BlackElo "2171"]
[PlyCount "108"]
[EventDate "2007.10.28"]
[EventType "team"]
[EventRounds "9"]
[EventCountry "GRE"]
[Source "lmi"]
[SourceDate "2007.10.28"]
[WhiteTeam "Sweden"]
[BlackTeam "Czech Republic"]
[WhiteTeamCountry "SWE"]
[BlackTeamCountry "CZE"]

1. e4 c5 2. Nf3 d6 3. d4 cxd4 4. Qxd4 a6 5. Bg5 Nc6 6. Qd2 h6 7. Bh4 g5 8. Bg3
Bg7 9. c3 Nf6 10. Bd3 Bg4 11. Na3 Bxf3 12. gxf3 Nd7 13. Nc4 Nce5 14. Nxe5 Nxe5
15. Be2 Qa5 16. c4 Qb6 17. Rc1 Ng6 18. b3 Bd4 19. Bf1 Bc5 20. Qb2 Bb4+ 21. Ke2
e5 22. Bh3 Ne7 23. f4 f6 24. fxe5 dxe5 25. Rhd1 O-O 26. f3 Bc5 27. Kf1 Rad8 28.
Bf2 Ng6 29. Bxc5 Qxc5 30. Rd5 Qe3 31. Qc3 Qf4 32. Rc2 Ne7 33. Rxd8 Rxd8 34.
Be6+ Kh8 35. Bd5 Nc6 36. Kg2 Nd4 37. Rf2 b6 38. Qb4 g4 39. Qd2 gxf3+ 40. Kf1
Qh4 41. Qb4 Qh3+ 42. Ke1 Qg4 43. Kd1 Rd7 44. Qd2 Kh7 45. Qe3 Rg7 46. Kd2 Qh3
47. Kc3 Rg2 48. Kb4 Rxf2 49. Qxf2 Qg2 50. Qh4 Qd2+ 51. Ka3 Nc2+ 52. Kb2 Nb4+
53. Ka3 Qxa2+ 54. Kxb4 Qa5# 0-1

[Event "European Team-ch 2007 Femenino"]
[Site "Creta GRE"]
[Date "2007.10.30"]
[Round "3.12"]
[White "Seps, Monika"]
[Black "Drljevic, Ljilja"]
[Result "0-1"]
[WhiteElo "2290"]
[BlackElo "2270"]
[PlyCount "120"]
[EventDate "2007.10.28"]
[EventType "team"]
[EventRounds "9"]
[EventCountry "GRE"]
[Source "lmi"]
[SourceDate "2007.10.28"]
[WhiteTeam "Switzerland"]
[BlackTeam "MNE"]
[WhiteTeamCountry "SUI"]

1. e4 e5 2. Nf3 Nc6 3. Bb5 a6 4. Ba4 Nf6 5. Qe2 b5 6. Bb3 Be7 7. c3 O-O 8. d4
d6 9. h3 Re8 10. d5 Na5 11. Bc2 c6 12. dxc6 Qc7 13. Bg5 Qxc6 14. Nbd2 Be6 15.
Bd3 Rac8 16. O-O Nc4 17. b3 Nxd2 18. Bxd2 Nd7 19. Rac1 Nc5 20. Bb1 h6 21. Rfe1
Bf6 22. Nh2 d5 23. Ng4 Bxg4 24. Qxg4 Nxe4 25. Bxe4 dxe4 26. Bxh6 Kh7 27. Bd2
Rcd8 28. Rc2 g6 29. Qxe4 Qxe4 30. Rxe4 Re6 31. c4 Red6 32. Bc3 Rd1+ 33. Kh2 Bg5
34. Bxe5 f5 35. Ree2 bxc4 36. Rxc4 Rf1 37. Rc7+ Kh6 38. f4 Rxf4 39. Bxf4 Bxf4+
40. Kg1 Bxc7 41. Kf2 Rd3 42. Rc2 Bb6+ 43. Ke2 Re3+ 44. Kf1 Re6 45. Rc4 Kg5 46.
Ra4 a5 47. Rc4 Re4 48. Rc6 Bd4 49. a4 Be5 50. Kf2 Rb4 51. Ra6 Bd4+ 52. Ke2 Rxb3
53. Rxa5 Re3+ 54. Kf1 Kf4 55. Rd5 Ke4 56. Rb5 Ra3 57. Rb1 Rxa4 58. Rb3 Ra1+ 59.
Ke2 Ra2+ 60. Kf1 Rf2+ 0-1

[Event "European Team-ch 2007 Femenino"]
[Site "Creta GRE"]
[Date "2007.10.30"]
[Round "3.12"]
[White "Vojinovic, Jovana"]
[Black "Hund, Barbara"]
[Result "1/2-1/2"]
[WhiteElo "2227"]
[BlackElo "2216"]
[PlyCount "68"]
[EventDate "2007.10.28"]
[EventType "team"]
[EventRounds "9"]
[EventCountry "GRE"]
[Source "lmi"]
[SourceDate "2007.10.28"]
[WhiteTeam "MNE"]
[BlackTeam "Switzerland"]
[BlackTeamCountry "SUI"]

1. d4 Nf6 2. c4 e6 3. g3 Bb4+ 4. Nd2 O-O 5. Bg2 d5 6. Ngf3 b6 7. a3 Be7 8. Ne5
Bb7 9. Qc2 c5 10. dxc5 Bxc5 11. cxd5 Bxd5 12. Ndf3 Nbd7 13. Nxd7 Qxd7 14. O-O
Rac8 15. Qd3 Qb7 16. b4 Be7 17. Bb2 Rfd8 18. Rac1 h6 19. Rxc8 Rxc8 20. Re1 a5
21. Bxf6 Bxf6 22. e4 Bc4 23. Qb1 Qa6 24. Rc1 axb4 25. Qxb4 Bd3 26. Rxc8+ Qxc8
27. h4 Qc1+ 28. Kh2 Qb2 29. Qa4 Qxf2 30. Qe8+ Kh7 31. Qxf7 Bf1 32. Ng5+ hxg5
33. Qh5+ Kg8 34. Qe8+ Kh7 1/2-1/2

[Event "European Team-ch 2007 Femenino"]
[Site "Creta GRE"]
[Date "2007.10.30"]
[Round "3.12"]
[White "Lematschko, Tatjana"]
[Black "Mijovic, Aleksandra"]
[Result "0-1"]
[WhiteElo "2189"]
[BlackElo "2198"]
[PlyCount "88"]
[EventDate "2007.10.28"]
[EventType "team"]
[EventRounds "9"]
[EventCountry "GRE"]
[Source "lmi"]
[SourceDate "2007.10.28"]
[WhiteTeam "Switzerland"]
[BlackTeam "MNE"]
[WhiteTeamCountry "SUI"]

1. d4 d5 2. c4 e6 3. Nf3 Nf6 4. Nc3 Be7 5. Bg5 Nbd7 6. e3 O-O 7. Qc2 c6 8. h3
Re8 9. cxd5 exd5 10. Bd3 Nf8 11. g4 a6 12. Ne5 N6d7 13. Bf4 Nxe5 14. Bxe5 Bd6
15. Bxd6 Qxd6 16. Na4 Qb4+ 17. Kd1 Qd6 18. Nb6 Rb8 19. a4 g6 20. a5 Qf6 21. Qd2
c5 22. Be2 Be6 23. f3 Nd7 24. Nxd7 Bxd7 25. dxc5 Bb5 26. Ra3 d4 27. Bxb5 Qxf3+
28. Kc2 axb5 29. Re1 b4 30. Qxb4 dxe3 31. Qc4 Rbd8 32. Re2 Re4 33. Qb5 Qf1 34.
a6 Rd2+ 35. Rxd2 Qxb5 36. a7 Re8 37. a8=Q exd2 38. Qa5 Qf1 39. Kxd2 Re2+ 40.
Kc3 Qc1+ 41. Kd4 Qf4+ 42. Kc3 Qe5+ 43. Kd3 Qe4+ 44. Kc3 Rc2+ 0-1

[Event "European Team-ch 2007 Femenino"]
[Site "Creta GRE"]
[Date "2007.10.30"]
[Round "3.13"]
[White "Ciuksyte, Dagne"]
[Black "Kopinits, Anna-Christina"]
[Result "0-1"]
[WhiteElo "2411"]
[BlackElo "2178"]
[PlyCount "60"]
[EventDate "2007.10.28"]
[EventType "team"]
[EventRounds "9"]
[EventCountry "GRE"]
[Source "lmi"]
[SourceDate "2007.10.28"]
[WhiteTeam "England"]
[BlackTeam "Austria"]
[WhiteTeamCountry "ENG"]
[BlackTeamCountry "AUT"]

1. e4 c5 2. Nf3 d6 3. d4 cxd4 4. Nxd4 Nf6 5. Nc3 Nc6 6. Bc4 e6 7. Be3 a6 8. a4
Qc7 9. Qe2 Bd7 10. O-O Rc8 11. Ba2 Ne5 12. Rad1 Be7 13. Kh1 Nc4 14. Bc1 e5 15.
Nf5 Bxf5 16. exf5 Qc6 17. f4 O-O 18. Rfe1 Bd8 19. Ne4 Nxe4 20. Qxe4 Qxa4 21.
Qxb7 Ba5 22. Bb3 Qb5 23. Qxb5 axb5 24. Re4 d5 25. Rxd5 Rfd8 26. Bxc4 bxc4 27.
Rexe5 f6 28. Be3 fxe5 29. Rxa5 exf4 30. Bg1 Rd1 0-1

[Event "European Team-ch 2007 Femenino"]
[Site "Creta GRE"]
[Date "2007.10.30"]
[Round "3.13"]
[White "Newrkla, Katharina"]
[Black "Lauterbach, Ingrid"]
[Result "0-1"]
[WhiteElo "2037"]
[BlackElo "2124"]
[PlyCount "119"]
[EventDate "2007.10.28"]
[EventType "team"]
[EventRounds "9"]
[EventCountry "GRE"]
[Source "lmi"]
[SourceDate "2007.10.28"]
[WhiteTeam "Austria"]
[BlackTeam "England"]
[WhiteTeamCountry "AUT"]
[BlackTeamCountry "ENG"]

1. e4 d6 2. d4 g6 3. Nc3 c6 4. f4 d5 5. e5 h5 6. Nf3 Bg4 7. Be2 Nh6 8. Be3 e6
9. Qd2 Nd7 10. g3 Be7 11. h3 Bxf3 12. Bxf3 Nf5 13. Bf2 b5 14. O-O-O Nb6 15. g4
Nc4 16. Qd3 Ng7 17. Rdg1 Qa5 18. Kb1 Qb4 19. Nd1 Qd2 20. Be3 Qxd3 21. cxd3 Nxe3
22. Nxe3 c5 23. dxc5 Bxc5 24. Re1 Bxe3 25. Rxe3 hxg4 26. hxg4 Ke7 27. Ree1 Rac8
28. Rxh8 Rxh8 29. Rh1 Rxh1+ 30. Bxh1 f6 31. exf6+ Kxf6 32. Kc2 g5 33. fxg5+
Kxg5 34. Bf3 Kf4 35. Bd1 d4 36. Kd2 e5 37. a3 Ne8 38. Bb3 Kxg4 39. Be6+ Kf4 40.
Bd7 Nd6 41. Bc6 a6 42. Bd5 a5 43. b4 axb4 44. axb4 Ne8 45. Bc6 Nc7 46. Ke2 Kg5
47. Kf3 Kf6 48. Ke4 Ke6 49. Bb7 Kd6 50. Bc8 Nd5 51. Ba6 Nc3+ 52. Kf3 Kc7 53.
Kf2 Kb6 54. Bc8 Nd5 55. Kf3 Nxb4 56. Ke4 Nc6 57. Be6 Kc5 58. Bb3 Kd6 59. Kf5
Na5 60. Ba2 0-1

[Event "European Team-ch 2007 Femenino"]
[Site "Creta GRE"]
[Date "2007.10.30"]
[Round "3.13"]
[White "Grigoryan-Lyell, Meri"]
[Black "Schink, Barbara"]
[Result "1-0"]
[WhiteElo "2040"]
[BlackElo "2031"]
[PlyCount "55"]
[EventDate "2007.10.28"]
[EventType "team"]
[EventRounds "9"]
[EventCountry "GRE"]
[Source "lmi"]
[SourceDate "2007.10.28"]
[WhiteTeam "England"]
[BlackTeam "Austria"]
[WhiteTeamCountry "ENG"]
[BlackTeamCountry "AUT"]

1. d4 d5 2. c4 e6 3. Nf3 Nf6 4. g3 Bb4+ 5. Bd2 Be7 6. Bg2 O-O 7. Qc2 Nbd7 8.
O-O Re8 9. Ne5 c6 10. Bc3 dxc4 11. Rd1 Nd5 12. Nxc4 Nxc3 13. Nxc3 Qc7 14. e4
Nf6 15. Rac1 Bf8 16. e5 Nd5 17. Ne4 Rd8 18. Ne3 Qb6 19. Ng5 g6 20. Ng4 h5 21.
Bxd5 hxg4 22. Be4 Bh6 23. Nxf7 Kxf7 24. Bxg6+ Ke7 25. Bh5 Rh8 26. Qg6 Rf8 27.
Qxh6 Qxb2 28. Qg7+ 1-0

[Event "European Team-ch 2007 Femenino"]
[Site "Creta GRE"]
[Date "2007.10.30"]
[Round "3.14"]
[White "Tsiganova, Monika"]
[Black "Golubenko, Valentina"]
[Result "1/2-1/2"]
[WhiteElo "2216"]
[BlackElo "2264"]
[PlyCount "96"]
[EventDate "2007.10.28"]
[EventType "team"]
[EventRounds "9"]
[EventCountry "GRE"]
[Source "lmi"]
[SourceDate "2007.10.28"]
[WhiteTeam "Estonia"]
[BlackTeam "Croatia"]
[WhiteTeamCountry "EST"]
[BlackTeamCountry "CRO"]

1. d4 Nf6 2. c4 g6 3. Nc3 d5 4. Nf3 Bg7 5. Qb3 dxc4 6. Qxc4 O-O 7. Bf4 c6 8. e3
Nbd7 9. Be2 Nb6 10. Qb3 Be6 11. Qc2 Rc8 12. O-O Nbd5 13. Be5 Qa5 14. Nd2 Nd7
15. Nb3 Qd8 16. Bxg7 Kxg7 17. e4 Nf4 18. Bf3 Bxb3 19. Qxb3 e5 20. Rfd1 exd4 21.
Rxd4 Qc7 22. Bg4 Rcd8 23. Bxd7 Rxd7 24. Rxd7 Qxd7 25. h3 Qe7 26. Qd1 Rd8 27.
Qf3 Nd3 28. Qe2 Nf4 29. Qf3 Qe5 30. Rd1 Rxd1+ 31. Qxd1 b5 32. Qf3 b4 33. Ne2
Ne6 34. b3 Qb2 35. Kh2 Qe5+ 36. Ng3 a5 37. h4 Qf4 38. Qxf4 Nxf4 39. Nf1 Nd3 40.
Kg3 Nc1 41. Ne3 Nxa2 42. Nc4 Nc1 43. Nxa5 c5 44. Kf3 c4 45. Nxc4 Nxb3 46. Nb2
Kf6 47. e5+ Kxe5 48. Nd3+ Kf6 1/2-1/2